000
00211nam a22000977a 4500
999
_c
16072
_d
16072
003
OSt
008
191029b ||||| |||| 00| 0 eng d
100
_a
Unnikrishnan.
_9
4523
245
_a
Vikara jeevikal
942
_c
BK